<?xml version="1.0" encoding="UTF-8"?>
<record
    xmlns:xsi="http://www.w3.org/2001/XMLSchema-instance"
    xsi:schemaLocation="http://www.loc.gov/MARC21/slim http://www.loc.gov/standards/marcxml/schema/MARC21slim.xsd"
    xmlns="http://www.loc.gov/MARC21/slim">

  <leader>02040agaaa2200337   4500</leader>
  <controlfield tag="001">6219</controlfield>
  <controlfield tag="003">IT-RoPAU</controlfield>
  <controlfield tag="005">20220918181241.0</controlfield>
  <controlfield tag="007">d cvaizq</controlfield>
  <controlfield tag="008">50131s9999||||xx ||| |     ||   ||und||</controlfield>
  <datafield tag="040" ind1=" " ind2=" ">
    <subfield code="a">IT-RoPAU</subfield>
    <subfield code="c">IT-RoPAU</subfield>
  </datafield>
  <datafield tag="041" ind1=" " ind2=" ">
    <subfield code="a">ITALIANO</subfield>
  </datafield>
  <datafield tag="100" ind1=" " ind2=" ">
    <subfield code="a">Schlondorff Volker</subfield>
    <subfield code="g">Codice regista SPICS: 11222</subfield>
    <subfield code="9">45387</subfield>
  </datafield>
  <datafield tag="130" ind1=" " ind2=" ">
    <subfield code="a">COLPO DI GRAZIA</subfield>
    <subfield code="9">45388</subfield>
  </datafield>
  <datafield tag="240" ind1=" " ind2=" ">
    <subfield code="a">COUP DE GRACE / DER FRANGSCHUSS</subfield>
    <subfield code="g">T1844</subfield>
  </datafield>
  <datafield tag="245" ind1=" " ind2=" ">
    <subfield code="a">COLPO DI GRAZIA</subfield>
    <subfield code="c">Prodotto da: Dauman Anatole -- Sceneggiatura: Schlondorff Volker -- Diretto da: Schlondorff Volker</subfield>
    <subfield code="p">COLPO DI GRAZIA (Rif. Codice opera principale : 26219)</subfield>
  </datafield>
  <datafield tag="246" ind1=" " ind2=" ">
    <subfield code="a">COUP DE GRACE / DER FRANGSCHUSS</subfield>
  </datafield>
  <datafield tag="250" ind1=" " ind2=" ">
    <subfield code="a">Edizione Standard</subfield>
  </datafield>
  <datafield tag="260" ind1=" " ind2=" ">
    <subfield code="a">PARIGI - MONACO (FRANCIA - GERMANI)</subfield>
    <subfield code="b">ARGOS FILMS - BIOSKOP FILM / Distribuzione: RAI</subfield>
    <subfield code="g">"1976 (1&#xB0; ed.: 1985 ; Ed. Lingua Orig.: 1976)"</subfield>
  </datafield>
  <datafield tag="300" ind1=" " ind2=" ">
    <subfield code="a">VHS</subfield>
    <subfield code="b">sonoro, col.</subfield>
  </datafield>
  <datafield tag="508" ind1=" " ind2=" ">
    <subfield code="a">"Fotografia: Luther I. Arnold P.; Montaggio: Sperr J. Dorn Anette; Musica: Myers Stanley; Sceneggiatura: Schlondorff Volker; Scenografia: Kiebach Jurgen; "</subfield>
  </datafield>
  <datafield tag="511" ind1=" " ind2=" ">
    <subfield code="a">"Von; Trotta Margarethe; Habich Matthias; Kirschstein Rudiger; Eyaud Marc; Thost Brun"</subfield>
  </datafield>
  <datafield tag="520" ind1=" " ind2=" ">
    <subfield code="a">STATI BALTICI SORGEVANO SUL MARE OMONIMO TRA LA RUSSIA ZARISTA E LA POLONIA LA RIVOLUZIONE RUSSA E LA DISFATTA DELL'IMPERO GERMANICO GETTARONO NELLO SCOMPIGLIO LA REGIONE DELLA CURLANDIA GLI JUNKER TEDESCHI O PROPRIETARI TERRIERI I NAZIONALISTI LETTONI ESTONI E LITUANI DISPARATISSIMI COMPONENTI DELL'ARMATA BIANCA NONOSTANTE FOSSERO DA SEMPRE ACERRIMI AVVERSARI SI UNIRONO IN BANDE ORGANIZZATE PER COMBATTERE CONTRO I BOLSCEVICHI E L'ARMATE ROSSA FILM DRAMMATICO DI GUERRA</subfield>
  </datafield>
  <datafield tag="538" ind1=" " ind2=" ">
    <subfield code="a">PAL, STEREO</subfield>
  </datafield>
  <datafield tag="546" ind1=" " ind2=" ">
    <subfield code="a">ITALIANO</subfield>
  </datafield>
  <datafield tag="650" ind1=" " ind2=" ">
    <subfield code="a">FILM DI GUERRA</subfield>
    <subfield code="e">FILMS [VHS]</subfield>
    <subfield code="x">Codice MATERIA SPICS: 9960</subfield>
    <subfield code="9">45389</subfield>
  </datafield>
  <datafield tag="700" ind1=" " ind2=" ">
    <subfield code="a">Myers Stanley</subfield>
    <subfield code="e">(musica)</subfield>
    <subfield code="g">Codice Musica SPICS: 22984</subfield>
    <subfield code="9">45390</subfield>
  </datafield>
  <datafield tag="700" ind1=" " ind2=" ">
    <subfield code="a">Schlondorff Volker </subfield>
    <subfield code="e">(regista)</subfield>
    <subfield code="g">Codice regista SPICS: 11222</subfield>
    <subfield code="9">45391</subfield>
  </datafield>
  <datafield tag="700" ind1=" " ind2=" ">
    <subfield code="a">Schlondorff Volker </subfield>
    <subfield code="e">(soggetto)</subfield>
    <subfield code="g">Codice Soggetto SPICS: 11222</subfield>
    <subfield code="9">45392</subfield>
  </datafield>
  <datafield tag="942" ind1=" " ind2=" ">
    <subfield code="c">VH</subfield>
    <subfield code="2">ddc</subfield>
  </datafield>
  <datafield tag="999" ind1=" " ind2=" ">
    <subfield code="c">106154</subfield>
    <subfield code="d">106154</subfield>
  </datafield>
  <datafield tag="952" ind1=" " ind2=" ">
    <subfield code="0">0</subfield>
    <subfield code="1">0</subfield>
    <subfield code="4">0</subfield>
    <subfield code="6">26219_000000000000000</subfield>
    <subfield code="7">1</subfield>
    <subfield code="a">SPICS</subfield>
    <subfield code="b">SPICS</subfield>
    <subfield code="d">2015-01-31</subfield>
    <subfield code="l">0</subfield>
    <subfield code="o">26219</subfield>
    <subfield code="r">2015-01-31 00:00:00</subfield>
    <subfield code="w">2015-01-31</subfield>
    <subfield code="y">VH</subfield>
    <subfield code="z">Progr. Ins.: 1635 / N.Vol.:1 / Copie: 1 / Pag.: / Copia rara: NO / date import: 1.2.2015 / By Epidotti, Trombetti, Vaglietti</subfield>
  </datafield>
</record>
